000 00761nam a22002057a 4500
005 20100728151233.0
010 _aENG-97308
020 _a9788184244267
_c200.00
035 _aEN-80841
037 _bDBAD/PUB
082 _a332.10954
245 _aForecasting financial markets in India /
_cedited by Rudra P. Pradhan
260 _aNew Delhi
_bAllied Publishers
_c2009
270 _aA-104, Mayapuri Phase - II
_bNew Delhi
_e110064
300 _aviii, 209p.:
_bill.
_c28cm, (Hb)
500 _aincludes index
700 _aPradhan, Rudra P.
_92171
942 _2ddc
_cEN
_h332.10954
_mFOR
999 _c38111
_d38111